| 000 | 00644nam a2200229Ia 4500 | ||
|---|---|---|---|
| 003 | OSt | ||
| 005 | 20220128162131.0 | ||
| 008 | 210716s2011 xx 000 0 und d | ||
| 020 | _a978-81-309-1768-9 | ||
| 040 | _cAIMIT LIBRARY | ||
| 041 | _aeng | ||
| 082 |
_a001.43 _bRILP _21 |
||
| 100 |
_aRiley, Pippa. _911216 |
||
| 245 |
_aResearch Project / _cby Pippa Riley. |
||
| 250 | _a1st ed. | ||
| 260 |
_aNew Delhi : _bViva Books, _c2011. |
||
| 300 |
_aViii, 291p. ; _c24 cm |
||
| 650 |
_aResearch Methodology _911217 |
||
| 650 |
_aResearch project _911761 |
||
| 650 |
_aProject Management Skills _911762 |
||
| 942 |
_2ddc _cBK _e1 _k001.43 RILP |
||
| 999 |
_c207138 _d207138 |
||